Biggest Cities in Wisconsin - Statistics

General Stats
  • This quiz has been taken 25,293 times
    16,939 since last reset
  • The average score is 9 of 20
Answers on the Map
Answers color-coded by a green-red scale on the quiz's map according to % correct below.
 
Answer Stats
Population City % Correct
563,305 Milwaukee
98%
272,903 Madison
94%
106,095 Green Bay
87%
98,484 Kenosha
60%
69,737 Eau Claire
57%
74,511 Appleton
51%
65,948 Oshkosh
51%
76,462 Racine
50%
51,380 La Crosse
47%
70,454 Waukesha
42%
49,773 Sheboygan
41%
65,911 Janesville
37%
44,339 Fond du Lac
36%
39,833 Wausau
35%
47,289 Wauwatosa
25%
58,950 West Allis
25%
41,958 Brookfield
23%
39,246 Menomonee Falls
20%
40,315 New Berlin
20%
37,071 Greenfield
18%
No matching quizzes found
Score Distribution
Percent of People with Each Score
Percentile by Number Answered
Your Score History
You have not taken this quiz since the last reset